000
00348nam a2200145Ia 4500
008
151213s9999 xx 000 0 und d
100
_a
Major Barkem
245
_a
Bernard Show
_c
Major Barkem
260
_a
New york
_b
Peacook Book
_c
2002
300
_a
2142 p.
650
_a
English
650
_a
English
700
_a
Major Barkem
999
_c
1575
_d
1575